Jakost mravnosti a mravnost jakosti (náznak problematiky)

V tomto príspevku prináša autor nevšedný pohľad na etiku a mravnosť, ktorá vždy v dejinách ľudstva ovplyvňovala jeho správanie a dochádza k záveru, že úspechy v riadení TQM sú záležitosti kvality riadenia - tieto procesy sú podmienené poňatím mravnosti kvality a teda i kvalitou mravnosti.

Salvato in:
Dettagli Bibliografici
Autore principale: Fischel, Max
Natura: Capitolo di libro
Lingua:ceco
Soggetti:
Tags: Aggiungi Tag
Nessun Tag, puoi essere il primo ad aggiungerne!!

MARC

LEADER 00000naa a2200000 4500
001 r043891
005 20230524134954.8
041 0 |a cze 
044 |a CZ 
245 1 0 |a Jakost mravnosti a mravnost jakosti (náznak problematiky)  |c Max Fischel 
520 |a V tomto príspevku prináša autor nevšedný pohľad na etiku a mravnosť, ktorá vždy v dejinách ľudstva ovplyvňovala jeho správanie a dochádza k záveru, že úspechy v riadení TQM sú záležitosti kvality riadenia - tieto procesy sú podmienené poňatím mravnosti kvality a teda i kvalitou mravnosti. 
610 2 0 |a kvalita 
610 2 0 |a etika 
610 2 0 |a morálka 
610 2 0 |a riadenie kvality 
610 2 0 |a TQM 
610 2 0 |a hodnota 
610 2 0 |a správanie 
610 2 0 |a rozhodovanie 
610 2 0 |a komunikácia 
610 2 0 |a dejiny 
100 1 |a Fischel, Max